Carregando...

Pathways to industrialization in the twenty-first century : new challenges and emerging paradigms /

This text deals with the importance of industrialization and the development of manufacturing in the economic development process. It focuses specifically on new challenges such as global value chains, the rise of China, climate change, and the role of state versus private sector entrepreneurs in fo...

ver descrição completa

Detalhes bibliográficos
Autor principal: Szirmai, Adam, Ed
Outros Autores: Naudé, Wim A, Ed, Alcorta, Ludovico, Ed
Formato: Printed Book
Publicado em: Oxford : Oxford University Press, 2017.
Assuntos:
Acesso em linha:https://books.google.co.in/books?id=2V6aAQAACAAJ&dq=9780198803713&hl=en&sa=X&ved=0ahUKEwjL8JDEwffhAhUQbo8KHfReAUAQ6AEIKDAA
LEADER 03669cam a22004097a 4500
999 |c 158582  |d 158578 
020 |a 9780198803713 
082 0 4 |a 338.900 917 24  |b Q71 
100 |a Szirmai, Adam, Ed.  |9 129843 
245 0 0 |a Pathways to industrialization in the twenty-first century :  |b new challenges and emerging paradigms /  |c Ed. by Adam Szirmai, Wim Naudé, and Ludovico Alcorta. 
260 |a Oxford :  |b Oxford University Press,  |c 2017. 
300 |a xxi, 443 p. 
500 |a "A study prepared by the World Institute for Development Economics Research of the United Nations University (UNU-WIDER), Maastricht Economic and Social Research Institute on Innovation and Technology of the United Nations University (UNU-MERIT), and the United Nations Industrial Development Organization (UNIDO)." 
504 |a Includes bibliographical references and index. 
505 0 |a Foreword -- PART I: INTRODUCTION. 1. Introduction and Overview: The Past, Present, and Future of Industrialization -- PART II: THE NEED FOR AND CHALLENGE OF INDUSTRIALIZATION. 2. Manufacturing and Economic Development ; 3. Deindustrialization and Reindustrialization ; 4. Emerging Patterns of Structural Change in Manufacturing -- PART III: PATHWAYS TO INDUSTRIAL DEVELOPMENT: PAST, PRESENT, AND FUTURE. 5. Learning from Asia's Success: Beyond Simplistic 'Lesson-Making' ; 6. Rethinking China's Path of Industrialization ; 7. Indonesian Industrialization: A Latecomer Adjusting to Crises ; 8. Industrial Policies in Latin America ; 9. Should Africa Industrialize? -- PART IV: CLIMATE CHANGE AND SUSTAINABILITY. 10. Climate Change and Industrial Policy ; 11. Global Asymmetries and their Implications for Climate and Industrial Policies ; 12. Global Supply Chains in Chinese Industrialization: Impact on Waste Scavenging in Developing Countries -- PART V: CHALLENGES TO INDUSTRIAL POLICY. 13. Can Industrial Policy Work under Neopatrimonial Rule? ; 14. Entrepreneurship, Stages of Development, and Industrialization ; 15. Industrial Policy in the Twenty-First Century: Challenges for the Future -- PART VI: CONCLUSION. 16. Pathways to Industrialization: Summary and Overview. 
520 8 |a This text deals with the importance of industrialization and the development of manufacturing in the economic development process. It focuses specifically on new challenges such as global value chains, the rise of China, climate change, and the role of state versus private sector entrepreneurs in forging appropriate industrial policies. 
650 0 |a Industrialization  |z Developing countries  |9 131278 
650 0 |a Industrial policy  |z Developing countries  |9 131279 
650 0 |a International economic relations.  |9 131280 
650 7 |a Industrialisation.  |9 131281 
650 7 |a Nouveaux pays industrialisés.  |9 129848 
650 7 |a Changement climatique.  |9 29288 
650 7 |a Développement durable.  |9 67506 
650 7 |a Politique industrielle.  |9 61228 
650 7 |a Economic history.  |9 131282 
650 7 |a Industrial policy.  |9 131283 
650 7 |a Industrialization.  |9 131284 
650 7 |a International economic relations.  |9 131280 
650 7 |a Industrialisierung  |9 129852 
650 7 |a Deindustrialisierung  |9 129853 
650 7 |a Entwicklung  |9 129854 
700 1 |a Szirmai, Adam, Ed.  |9 129843 
700 1 |a Naudé, Wim A, Ed.  |9 129855 
700 1 |a Alcorta, Ludovico, Ed.  |9 129856 
856 |u https://books.google.co.in/books?id=2V6aAQAACAAJ&dq=9780198803713&hl=en&sa=X&ved=0ahUKEwjL8JDEwffhAhUQbo8KHfReAUAQ6AEIKDAA 
942 |c BK 
952 |0 0  |1 0  |4 0  |6 338_900000000000000_917_24_Q71  |7 0  |9 157039  |a MGUL  |b MGUL  |c GEN  |d 2018-06-12  |e Current Books  |g 3318.00  |l 0  |o 338.900 917 24 Q71  |p 59880  |r 2018-06-12  |w 2018-06-12  |y BK